000 00320nam a22001217a 4500
008 230626b xxu||||| |||| 00| 0 eng d
020 _a9211301556
082 _a330.9
_bUNI 1993
245 _aReport on the World Social Situation 1993
260 _aNew York
_bUnited Nations
_c1993
300 _aXXII,226p
942 _2ddc
_cBK
999 _c2648
_d2648